|
|
|
|
| LEADER |
00000nam0a2200000 4500 |
| 001 |
371115 |
| 005 |
20231102012339.0 |
| 035 |
|
|
|a (RuTPU)RU\TPU\retro\28525
|
| 090 |
|
|
|a 371115
|
| 100 |
|
|
|a 20220916d1978 m y0rusy50 ca
|
| 101 |
0 |
|
|a rus
|
| 102 |
|
|
|a RU
|
| 105 |
|
|
|a a j 001zy
|
| 200 |
1 |
|
|a Структура и свойства металлических материалов
|e учебное пособие
|f Е. А. Рудаков, В. Н. Киприянова, В. А. Якушов
|g Кубанский государственный университет
|
| 210 |
|
|
|a Краснодар
|c [Б. и.]
|d 1978
|
| 215 |
|
|
|a 77 с.
|c ил.
|
| 320 |
|
|
|a Библиогр.: с. 77
|
| 606 |
1 |
|
|a Жаропрочные материалы
|2 stltpush
|3 (RuTPU)RU\TPU\subj\10322
|9 37409
|
| 610 |
1 |
|
|a учебные пособия
|
| 610 |
1 |
|
|a металлические материалы
|
| 610 |
1 |
|
|a металлы
|
| 610 |
1 |
|
|a сплавы
|
| 610 |
1 |
|
|a бинарные системы
|
| 610 |
1 |
|
|a диаграммы состояния
|
| 610 |
1 |
|
|a железоуглеродистые сплавы
|
| 610 |
1 |
|
|a термическая обработка
|
| 610 |
1 |
|
|a химико-термическая обработка
|
| 610 |
1 |
|
|a легированные стали
|
| 610 |
1 |
|
|a легированные сплавы
|
| 610 |
1 |
|
|a цветные металлы
|
| 610 |
1 |
|
|a цветные сплавы
|
| 675 |
|
|
|a 669.2.018(07)
|v 4
|
| 700 |
|
1 |
|a Рудаков
|b Е. А.
|
| 701 |
|
1 |
|a Киприянова
|b В. Н.
|
| 701 |
|
1 |
|a Якушов
|b В. А.
|
| 712 |
0 |
2 |
|a Кубанский государственный университет
|2 stltpush
|3 (RuTPU)RU\TPU\col\5347
|9 24088
|
| 801 |
|
1 |
|a RU
|b 63413507
|c 20220916
|
| 801 |
|
2 |
|a RU
|b 63413507
|c 20230321
|g RCR
|
| 942 |
|
|
|c BK
|